Boston Celtics All-Time Starters - Statistics

General Stats
  • This quiz has been taken 56 times
  • The average score is 6 of 7
Answer Stats
Hint Answer % Correct
PF Larry Bird
98%
SF Paul Pierce
92%
C Bill Russell
89%
SG John Havlicek
85%
PG Bob Cousy
81%
6th man Kevin McHale
81%
Coach Red Auerbach
64%
No matching quizzes found
Score Distribution
Percent of People with Each Score
Percentile by Number Answered
Your Score History
You have not taken this quiz